[Event "7th Iberoamerican-ch 2019"]
[Site "Linares"]
[Date "2019.08.17"]
[Round "8.27"]
[White "Lianes Garcia, Marcos"]
[Black "Almagro Mazariegos, Sebastian"]
[Result "0-1"]
[WhiteElo "2347"]
[BlackElo "2268"]
[Annotator "TA"]
[PlyCount "172"]
[EventDate "2019.08.10"]
[EventType "swiss"]
[EventCountry "ESP"]
[SourceTitle "playchess.com"]
[Source "ChessBase"]
[SourceQuality "1"]

{[%evp 10,172,46,44,53,-12,63,60,63,63,63,63,63,65,65,64,72,46,46,45,47,44,47,29,47,47,47,43,51,52,61,50,57,69,70,64,78,78,78,78,78,78,80,78,94,70,83,70,70,70,83,70,70,62,94,63,78,49,58,61,52,52,41,19,29,10,20,0,0,-41,-23,-76,0,0,0,0,100,90,307,287,297,293,316,210,254,108,83,0,238,150,115,116,89,46,70,61,50,48,113,59,119,79,114,47,54,0,114,51,114,114,114,114,114,114,225,102,122,130,408,148,150,158,123,61,101,58,72,61,61,61,131,96,130,14,61,61,92,61,61,-10,11,0,61,61,61,37,25,-160,-157,-756,-465,-943,-881,-2019,-2042,-2060,-2025,-1283,-481,-887,-873,-29991,-29992,-29992,-29993]} 1. d4 Nf6 2. c4 g6 3. Nc3 Bg7 4. e4 d6 5. Be2 O-O 6. Be3 Na6 {E73: King's Indian: Averbakh Variation without 6...c5} 7. g4 (7. Nf3 $14) 7... e5 (7... c5 $1 $11) 8. d5 $1 $14 Nc5 {White is slightly better.} 9. f3 a5 10. h4 h5 11. g5 Nfd7 12. Nh3 Nb8 13. Qd2 Nba6 {[#]} 14. Kf2 $146 ({Predecessor:} 14. Nb5 b6 15. Nf2 Bd7 {1-0 (65) Ganguly,S (2621)-Docena,J (2426) Makati 2018}) 14... Bd7 15. Kg2 Qe7 16. Rh2 a4 17. Nf2 Rfd8 18. Rb1 c6 19. Rhh1 Be8 20. Nd3 (20. Rhf1 {seems wilder.} Bd7 21. Rbd1 Be8 22. Nd3 Qc7 23. Rb1) 20... Nxd3 21. Bxd3 Nb4 22. Be2 c5 23. a3 Na6 24. b4 axb3 25. Rxb3 Rdb8 26. Rhb1 Bd7 27. Qb2 Bc8 28. Kf2 Nc7 29. Bf1 Ra6 30. Bc1 f6 31. Kg3 Rba8 32. Ra1 fxg5 33. Bxg5 Bf6 34. Bxf6 Qxf6 35. Qc1 Kg7 36. Ra2 b6 37. Rf2 Bd7 38. Nb1 Rf8 39. f4 Bg4 40. Bd3 (40. Nc3 $11) 40... Rf7 (40... Kh7 $17) 41. f5 $11 gxf5 42. exf5 Ne8 (42... Kf8 $11 43. Nc3 Rg7) 43. Nc3 $1 $16 Kf8 $2 (43... Kg8 $16 {was called for.}) 44. Ne4 $18 Qg7 45. Ng5 {Hoping for Ne6+.} Ke7 46. Kh2 Qf6 47. Qb2 (47. Nxf7 $6 Qxh4+ 48. Kg1 Kxf7 $18) (47. Kg1 $18) 47... Rg7 $16 48. Qc1 ({Of course not} 48. Rxb6 $6 Rxb6 49. Qxb6 Rxg5 $11) (48. Qd2 $1 $16) 48... Qh6 $2 (48... Rf7 $1 $11 {and Black is okay.}) 49. Qd2 ({Weaker is} 49. Qb2 Rxg5 50. Qd2 (50. hxg5 Qxg5 51. Qd2 Kf6 $11) 50... Rxf5 $1 $16 {[%mdl 512]}) 49... Nf6 50. Bc2 Rg8 51. Rg3 Rga8 52. a4 Kd7 53. Kg2 Ke7 (53... Qg7 $14) 54. Ra3 ({White should try} 54. Rb3 $16) 54... Rg8 (54... Kd7 $14) 55. Kf1 Rga8 56. Ke1 (56. Rb3 $16) 56... R8a7 57. Kf1 (57. Rf1 $14) 57... Ra8 $1 58. Ra2 (58. Rb3 $16) 58... R8a7 (58... Qg7 $14) 59. Rb2 Kd7 60. Kg1 Ke7 61. Qe3 Kd7 {[#]} (61... Qh8 $16) 62. Rb5 (62. a5 $1 $18 {[%mdl 512]}) 62... Ke7 63. Qc1 Kd7 $2 {[%mdl 8192]} (63... Qh8 $16 {was necessary.} 64. Ne6 Rb7) 64. Kg2 $2 (64. Qb1 $18 {and White stays clearly on top.} Rb7 65. Rxc5 $1 {[%mdl 576] Clearance} (65. a5 Kc7 $16) 65... dxc5 66. Qb5+ {[%mdl 64] Double Attack} Kc7 67. Qxa6) 64... Kc8 65. Qb2 Rb7 {[#]} 66. Qb3 (66. a5 $1 $16 {[%mdl 512]}) 66... Kb8 67. Qe3 Ka7 68. Rf1 Kb8 69. Rfb1 Ka7 (69... Nd7 $14) 70. Qd2 Qf8 71. Ra1 (71. a5 $16) 71... Nd7 (71... e4 $5) 72. Rf1 Qe7 73. Qe3 Nf6 74. Kg3 (74. Rbb1 $14) 74... Rb8 (74... e4 $5) 75. Rbb1 Rb7 (75... e4 $11) 76. Kg2 $14 Rb8 77. Rfe1 Rg8 78. Kf1 $2 {[#]} ({White should play} 78. a5 $11) 78... Nh7 $1 $17 {[%cal Rh7g5]} 79. Nxh7 $2 (79. a5 $17 bxa5 80. Qb3) 79... Qxh7 80. Bd3 (80. Rb3 $142 Bxf5 81. Bxf5 Qxf5+ 82. Qf2) 80... Bxf5 $19 81. Be4 Rg4 82. Bf3 Bxb1 83. Bxg4 Qd3+ (83... hxg4 $142 84. Kg1 Rxa4) 84. Kf2 (84. Qxd3 $142 Bxd3+ 85. Be2 Bxe2+ 86. Kxe2) 84... hxg4 85. Qg5 Qf3+ 86. Kg1 Qg3+ {[%mdl 64] Double Attack. Accuracy: White = 29%, Black = 37%.} 0-1

[Event "7th Iberoamerican-ch 2019"]
[Site "Linares"]
[Date "2019.08.17"]
[Round "8.28"]
[White "Domingo Nunez, Ruben"]
[Black "Silva, Goncalo Nuno Neto Pi"]
[Result "1-0"]
[WhiteElo "2345"]
[BlackElo "2085"]
[Annotator "NA"]
[PlyCount "89"]
[EventDate "2019.08.10"]
[EventType "swiss"]
[EventCountry "ESP"]
[SourceTitle "playchess.com"]
[Source "ChessBase"]
[SourceQuality "1"]
[TimeControl "5400+30"]

1. e4 e5 {[%emt 0:02:26]} 2. Nf3 {[%emt 0:04:04]} Nc6 {[%emt 0:00:07]} 3. Bc4 {[%emt 0:00:18]} Nf6 {[%emt 0:00:06]} 4. d3 {[%emt 0:00:04]} h6 {[%emt 0:00:06]} 5. O-O {[%emt 0:01:09]} d6 {[%emt 0:00:08]} 6. c3 {[%emt 0:00:05]} g5 {[%emt 0:00:06]} 7. b4 {[%emt 0:00:02]} Bg7 {[%emt 0:00:28]} 8. Bb3 {[%emt 0:08:34]} O-O {[%emt 0:01:57]} 9. Nbd2 {[%emt 0:02:49]} a6 {[%emt 0:06:38]} 10. a4 {[%emt 0:12:14]} d5 {[%emt 0:10:17]} 11. Ba3 {[%emt 0:08:16]} b5 {[%emt 0:02:27]} 12. Bb2 {[%emt 0:10:59]} Be6 {[%emt 0:01:58]} 13. Qe2 {[%emt 0:16:58]} g4 {[%emt 0:04:47]} 14. Ne1 {[%emt 0:00:40]} Qd7 {[%emt 0:06:40]} 15. f4 {[%emt 0:07:53]} dxe4 {[%emt 0:06:34]} 16. fxe5 {[%emt 0:05:22]} Nxe5 {[%emt 0:02:48]} 17. d4 {[%emt 0:01:47]} Ng6 {[%emt 0:01:16]} 18. Nc2 {[%emt 0:02:33]} Nd5 {[%emt 0:04:07]} 19. Nxe4 {[%emt 0:04:40]} Ndf4 {[%emt 0:00:10]} 20. Qd2 {[%emt 0:00:01]} Bxb3 {[%emt 0:02:34]} 21. Nc5 {[%emt 0:00:03]} Qd5 {[%emt 0:00:29]} 22. Ne3 {[%emt 0:00:01]} Qg5 {[%emt 0:00:06]} 23. Nxb3 {[%emt 0:00:13]} Rfe8 {[%emt 0:02:21]} 24. Rae1 {[%emt 0:03:41]} bxa4 {[%emt 0:03:28]} 25. Nc5 {[%emt 0:00:01]} a5 {[%emt 0:00:25]} 26. b5 {[%emt 0:01:10]} Rad8 {[%emt 0:01:16]} 27. Ba3 {[%emt 0:03:26]} Nd5 {[%emt 0:00:44]} 28. Bc1 {[%emt 0:01:02]} Nxe3 {[%emt 0:03:49]} 29. Rxe3 {[%emt 0:00:03]} Qxe3+ {[%emt 0:00:12]} 30. Qxe3 {[%emt 0:00:04]} Rxe3 {[%emt 0:00:07]} 31. Bxe3 {[%emt 0:00:02]} Rb8 {[%emt 0:03:02]} 32. c4 {[%emt 0:06:58]} Rd8 {[%emt 0:01:26]} 33. Nb7 {[%emt 0:00:33]} Rxd4 {[%emt 0:00:24]} 34. Bxd4 {[%emt 0:00:04]} Bxd4+ {[%emt 0:00:03]} 35. Kh1 {[%emt 0:00:03]} a3 {[%emt 0:00:15]} 36. Nxa5 {[%emt 0:00:01]} Ne5 {[%emt 0:02:10]} 37. Nb3 {[%emt 0:00:07]} Bb2 {[%emt 0:00:26]} 38. c5 {[%emt 0:00:21]} Kf8 {[%emt 0:00:49]} 39. b6 {[%emt 0:02:21]} cxb6 {[%emt 0:00:11]} 40. cxb6 {[%emt 0:00:04]} Nd7 {[%emt 0:01:49]} 41. b7 {[%emt 0:00:17]} Ke7 {[%emt 0:00:23]} 42. Rd1 {[%emt 0:01:22]} Be5 {[%emt 0:00:40]} 43. Na5 {[%emt 0:00:24]} Kd8 {[%emt 0:02:01]} 44. Nc6+ {[%emt 0:00:17]} Kc7 {[%emt 0:00:02]} 45. b8=Q+ {[%emt 0:00:08]} 1-0

[Event "7th Iberoamerican-ch 2019"]
[Site "Linares"]
[Date "2019.08.17"]
[Round "8.29"]
[White "Calzetta Ruiz, Monica"]
[Black "Serarols Mabras, Bernat"]
[Result "1/2-1/2"]
[WhiteElo "2257"]
[BlackElo "2338"]
[Annotator "TA"]
[PlyCount "139"]
[EventDate "2019.08.10"]
[EventType "swiss"]
[EventCountry "ESP"]
[SourceTitle "playchess.com"]
[Source "ChessBase"]
[SourceQuality "1"]

{[%evp 11,139,40,29,22,33,27,33,-20,-4,-32,-6,-12,4,-33,-3,-36,-29,-33,-4,-32,18,21,22,32,47,46,86,84,121,124,150,129,126,10,10,5,16,7,54,53,104,93,112,112,113,97,136,135,164,155,158,162,162,160,166,149,168,155,168,156,212,179,179,163,177,105,154,160,164,129,133,128,139,126,124,127,148,151,142,142,224,183,175,175,197,127,173,160,136,143,141,91,146,147,139,81,109,96,245,243,234,224,223,216,266,202,202,182,262,262,271,189,148,82,82,82,82,52,56,44,50,22,41,0,0,0,0,0,0,0]} 1. e4 c6 2. d4 d5 3. e5 Bf5 4. Nf3 e6 5. Be2 Nd7 6. O-O Bg6 7. Nbd2 {B12: Caro-Kann: Advance Variation} Nh6 8. Nb3 Nf5 9. g4 (9. Bd2 $14) 9... Nh4 $11 10. Ne1 $146 ({Predecessor:} 10. Nxh4 Qxh4 11. Bf4 Qd8 12. Bg3 Be7 13. c3 O-O 14. Qd2 a5 {½-½ (60) Smeets,J (2669)-Short,N (2690) Khanty-Mansiysk 2010}) 10... Be7 11. Be3 O-O 12. Nd3 Rc8 13. Nf4 c5 14. c3 cxd4 15. cxd4 Qb6 16. Nxg6 fxg6 17. Rc1 g5 18. Qd2 Rxc1 19. Rxc1 Ng6 20. Qa5 ({But not} 20. Bxg5 $6 Bxg5 21. Qxg5 Ndxe5 $11) 20... Bd8 21. Qxb6 Bxb6 22. Bxg5 (22. Bb5 $16 Nb8 23. Bxg5) 22... Ndxe5 23. Be3 Nc6 24. Nc5 e5 25. Nd7 $1 {[%cal Rd7f8]} Re8 ({Black should play} 25... Ra8 $14) 26. Nxb6 $16 exd4 27. Nxd5 {Bc4 is the strong threat.} dxe3 28. Nxe3 Nge5 29. Rd1 g6 30. Kg2 Kg7 31. a3 Re7 32. h4 Nf7 33. Bc4 Nce5 34. Bb3 Nc6 35. Bd5 Nce5 (35... Rd7 $16 36. Kf3 Ncd8) 36. b4 Rc7 37. a4 Nd6 38. h5 (38. f4 $18 Nef7 39. Kf3) 38... Nef7 39. hxg6 hxg6 40. b5 Nc8 41. a5 Nfd6 42. a6 bxa6 43. bxa6 Ne7 44. Bf3 Nec8 45. Nd5 Rf7 (45... Rc6 $16 46. Be2 Nf7) 46. Nb4 Rc7 47. Nc6 Kf6 48. Rb1 (48. Re1 $18) 48... Kg7 49. Rb8 Kf6 50. Kg3 g5 51. Rb4 Kg7 (51... Ne7 $142 52. Nxe7 Rxe7) 52. Nd8 {Hoping for Ne6+.} Kf6 53. Nb7 ({Better is} 53. Rd4) 53... Nf7 54. Bd5 Ne7 {[#]} (54... Ne5 $16 {keeps fighting.}) 55. Bxf7 $1 $18 Kxf7 {[%mdl 4096] Endgame KRN-KRN} 56. Nd6+ Kg6 57. Rb7 Rc3+ 58. Kg2 Nd5 59. Ne4 Rc6 (59... Rc4 {is a better defense.}) 60. Rxa7 Nc7 61. Ng3 Nxa6 {[#]} 62. Nf5 (62. Ra8 $142 $1) 62... Kf6 63. Rh7 {aiming for Rh6+.} Ke5 64. Kg3 Nc5 65. f3 Ne6 66. Rh6 Rc3 67. Ne7 Nd4 {The position is equal.} 68. Ng6+ Kd5 69. Ne7+ Ke5 70. Ng6+ {Accuracy: White = 52%, Black = 43%.} 1/2-1/2

[Event "7th Iberoamerican-ch 2019"]
[Site "Linares"]
[Date "2019.08.17"]
[Round "8.30"]
[White "Balbuena Fuentes, Mario"]
[Black "Silva Rodriguez, Fernando"]
[Result "1/2-1/2"]
[WhiteElo "2268"]
[BlackElo "2253"]
[Annotator "NA"]
[PlyCount "97"]
[EventDate "2019.08.10"]
[EventType "swiss"]
[EventCountry "ESP"]
[SourceTitle "playchess.com"]
[Source "ChessBase"]
[SourceQuality "1"]
[TimeControl "5400+30"]

1. Nf3 {[%emt 0:01:59]} d5 {[%emt 0:00:00]} 2. b3 {[%emt 0:00:16]} Bg4 {[%emt 0:01:17]} 3. e3 {[%emt 0:00:23]} Nd7 {[%emt 0:00:58]} 4. Bb2 {[%emt 0:00:23]} c6 {[%emt 0:04:11]} 5. h3 {[%emt 0:01:20]} Bh5 {[%emt 0:00:13]} 6. d3 {[%emt 0:00:54]} Qc7 {[%emt 0:01:44]} 7. g4 {[%emt 0:01:44]} Bg6 {[%emt 0:00:13]} 8. Nh4 {[%emt 0:00:34]} e5 {[%emt 0:00:47]} 9. Nxg6 {[%emt 0:00:35]} hxg6 {[%emt 0:00:11]} 10. Bg2 {[%emt 0:00:42]} Bd6 {[%emt 0:03:30]} 11. c4 {[%emt 0:02:09]} Ne7 {[%emt 0:05:35]} 12. Nc3 {[%emt 0:10:24]} Qa5 {[%emt 0:10:07]} 13. a3 {[%emt 0:07:38]} dxc4 {[%emt 0:20:53]} 14. dxc4 {[%emt 0:06:12]} Bc7 {[%emt 0:01:06]} 15. b4 {[%emt 0:03:36]} Qa6 {[%emt 0:00:07]} 16. Ne4 {[%emt 0:17:04]} Rd8 {[%emt 0:08:03]} 17. Qb3 {[%emt 0:02:31]} b5 {[%emt 0:10:07]} 18. c5 {[%emt 0:01:41]} Nf6 {[%emt 0:00:40]} 19. Nd6+ {[%emt 0:02:34]} Bxd6 {[%emt 0:00:15]} 20. cxd6 {[%emt 0:00:05]} Rxd6 {[%emt 0:00:39]} 21. Bxe5 {[%emt 0:01:10]} Re6 {[%emt 0:00:11]} 22. Bd4 {[%emt 0:01:23]} O-O {[%emt 0:00:12]} 23. O-O {[%emt 0:00:45]} Nc8 {[%emt 0:03:02]} 24. Rfc1 {[%emt 0:03:19]} Rd8 {[%emt 0:00:38]} 25. Rc2 {[%emt 0:05:30]} Nd5 {[%emt 0:00:51]} 26. Rac1 {[%emt 0:00:37]} Nce7 {[%emt 0:02:39]} 27. Qb2 {[%emt 0:06:06]} Kh7 {[%emt 0:01:28]} 28. h4 {[%emt 0:03:14]} Nb6 {[%emt 0:01:43]} 29. Bxg7 {[%emt 0:03:18]} Nc4 {[%emt 0:00:18]} 30. Rxc4 {[%emt 0:00:06]} bxc4 {[%emt 0:00:07]} 31. Bd4 {[%emt 0:00:52]} Nd5 {[%emt 0:01:03]} 32. h5 {[%emt 0:01:54]} c3 {[%emt 0:05:13]} 33. hxg6+ {[%emt 0:01:33]} fxg6 {[%emt 0:04:40]} 34. Bxc3 {[%emt 0:03:50]} Nxc3 {[%emt 0:00:06]} 35. Qxc3 {[%emt 0:00:03]} Rd3 {[%emt 0:02:47]} 36. Qc5 {[%emt 0:00:50]} Rd2 {[%emt 0:08:12]} 37. Bxc6 {[%emt 0:02:47]} Qe2 {[%emt 0:00:12]} 38. Rf1 {[%emt 0:03:11]} Rd1 {[%emt 0:02:04]} 39. Rxd1 {[%emt 0:01:11]} Qxd1+ {[%emt 0:00:08]} 40. Kh2 {[%emt 0:00:16]} Qxg4 {[%emt 0:00:49]} 41. Bg2 {[%emt 0:01:52]} Qh4+ {[%emt 0:00:36]} 42. Kg1 {[%emt 0:00:45]} Re7 {[%emt 0:00:25]} 43. Qd6 {[%emt 0:02:40]} Rf7 {[%emt 0:01:12]} 44. Qd2 {[%emt 0:00:07]} Qg4 {[%emt 0:00:30]} 45. Qd4 {[%emt 0:01:25]} Qe2 {[%emt 0:01:21]} 46. Qh4+ {[%emt 0:00:10]} Kg7 {[%emt 0:00:03]} 47. Qd4+ {[%emt 0:00:43]} Kh7 {[%emt 0:00:06]} 48. Qh4+ {[%emt 0:00:04]} Kg7 {[%emt 0:00:04]} 49. Qd4+ {[%emt 0:01:16]} 1/2-1/2

[Event "7th Iberoamerican-ch 2019"]
[Site "Linares"]
[Date "2019.08.17"]
[Round "8.31"]
[White "Lopez Mulet, Inigo"]
[Black "Perera Borrego, Maria Adela"]
[Result "1/2-1/2"]
[WhiteElo "2397"]
[BlackElo "2186"]
[Annotator "NA"]
[PlyCount "31"]
[EventDate "2019.08.10"]
[EventType "swiss"]
[EventCountry "ESP"]
[SourceTitle "playchess.com"]
[Source "ChessBase"]
[SourceQuality "1"]
[TimeControl "5400+30"]

1. d4 {[%emt 0:03:49]} e6 {[%emt 0:00:00]} 2. c4 {[%emt 0:00:20]} Bb4+ {[%emt 0:00:00]} 3. Bd2 {[%emt 0:00:06]} a5 {[%emt 0:00:00]} 4. Nf3 {[%emt 0:00:27]} Nf6 {[%emt 0:00:31]} 5. a3 {[%emt 0:00:33]} Bxd2+ {[%emt 0:00:23]} 6. Qxd2 {[%emt 0:00:06]} b6 {[%emt 0:00:22]} 7. Nc3 {[%emt 0:00:48]} Bb7 {[%emt 0:00:11]} 8. Qf4 {[%emt 0:01:17]} h6 {[%emt 0:04:58]} 9. e4 {[%emt 0:01:42]} d6 {[%emt 0:05:52]} 10. Bd3 {[%emt 0:05:00]} Nc6 {[%emt 0:01:00]} 11. Qg3 {[%emt 0:06:00]} g5 {[%emt 0:06:02]} 12. d5 {[%emt 0:05:50]} Nh5 {[%emt 0:06:56]} 13. Qg4 {[%emt 0:30:26]} Nf6 {[%emt 0:02:11]} 14. Qg3 {[%emt 0:00:32]} Nh5 {[%emt 0:01:36]} 15. Qg4 {[%emt 0:01:53]} Nf6 {[%emt 0:00:15]} 16. Qg3 {[%emt 0:00:14]} 1/2-1/2

[Event "7th Iberoamerican-ch 2019"]
[Site "Linares"]
[Date "2019.08.17"]
[Round "8.32"]
[White "Ingunza Curro, Andres"]
[Black "Forgas Moreno, Yaniela"]
[Result "0-1"]
[WhiteElo "2103"]
[BlackElo "2276"]
[Annotator "NA"]
[PlyCount "178"]
[EventDate "2019.08.10"]
[EventType "swiss"]
[EventCountry "ESP"]
[SourceTitle "playchess.com"]
[Source "ChessBase"]
[SourceQuality "1"]
[TimeControl "5400+30"]

1. e4 {[%emt 0:00:00]} c5 {[%emt 0:00:00]} 2. Nf3 {[%emt 0:00:02]} d6 {[%emt 0:00:00]} 3. Nc3 {[%emt 0:00:49]} Nf6 {[%emt 0:00:27]} 4. d4 {[%emt 0:00:21]} cxd4 {[%emt 0:00:07]} 5. Nxd4 {[%emt 0:00:21]} a6 {[%emt 0:00:13]} 6. Be2 {[%emt 0:00:25]} e5 {[%emt 0:00:45]} 7. Nb3 {[%emt 0:00:05]} Be7 {[%emt 0:00:03]} 8. Bg5 {[%emt 0:00:05]} Be6 {[%emt 0:01:25]} 9. Bxf6 {[%emt 0:00:30]} Bxf6 {[%emt 0:00:06]} 10. Qd3 {[%emt 0:00:03]} Nc6 {[%emt 0:01:52]} 11. O-O-O {[%emt 0:01:15]} Nd4 {[%emt 0:03:57]} 12. Nxd4 {[%emt 0:00:30]} exd4 {[%emt 0:00:11]} 13. Nd5 {[%emt 0:00:05]} Bxd5 {[%emt 0:01:07]} 14. exd5 {[%emt 0:00:15]} O-O {[%emt 0:00:14]} 15. Kb1 {[%emt 0:01:38]} Qa5 {[%emt 0:00:32]} 16. Bf3 {[%emt 0:02:43]} Rac8 {[%emt 0:04:34]} 17. Be4 {[%emt 0:01:01]} h6 {[%emt 0:08:08]} 18. h4 {[%emt 0:10:36]} Qb4 {[%emt 0:04:35]} 19. Ka1 {[%emt 0:06:11]} Rfe8 {[%emt 0:02:28]} 20. f3 {[%emt 0:11:33]} b5 {[%emt 0:07:17]} 21. g4 {[%emt 0:07:21]} Qc4 {[%emt 0:01:55]} 22. Qd2 {[%emt 0:04:24]} d3 {[%emt 0:05:03]} 23. Bxd3 {[%emt 0:01:07]} Qd4 {[%emt 0:00:07]} 24. c3 {[%emt 0:01:58]} Qe3 {[%emt 0:03:01]} 25. Bf5 {[%emt 0:15:56]} Qxd2 {[%emt 0:04:23]} 26. Rxd2 {[%emt 0:00:04]} Rc7 {[%emt 0:00:13]} 27. Be4 {[%emt 0:03:54]} a5 {[%emt 0:01:17]} 28. Kb1 {[%emt 0:05:49]} Rb8 {[%emt 0:01:35]} 29. Rg2 {[%emt 0:06:21]} g6 {[%emt 0:01:42]} 30. h5 {[%emt 0:00:38]} g5 {[%emt 0:01:07]} 31. Rc2 {[%emt 0:01:29]} Rcb7 {[%emt 0:01:21]} 32. Re1 {[%emt 0:02:04]} b4 {[%emt 0:00:22]} 33. cxb4 {[%emt 0:00:42]} Rxb4 {[%emt 0:00:05]} 34. Ree2 {[%emt 0:00:51]} a4 {[%emt 0:00:48]} 35. a3 {[%emt 0:03:23]} Rb3 {[%emt 0:00:42]} 36. Ka2 {[%emt 0:00:14]} Kg7 {[%emt 0:00:26]} 37. Rf2 {[%emt 0:01:15]} Be5 {[%emt 0:00:45]} 38. Rfe2 {[%emt 0:04:35]} Kf6 {[%emt 0:00:17]} 39. Red2 {[%emt 0:00:42]} R8b7 {[%emt 0:01:49]} 40. Rf2 {[%emt 0:01:21]} R7b5 {[%emt 0:01:48]} 41. Rfd2 {[%emt 0:01:22]} Ke7 {[%emt 0:01:34]} 42. Rc7+ {[%emt 0:00:29]} Kd8 {[%emt 0:00:12]} 43. Rcc2 {[%emt 0:00:18]} Rb7 {[%emt 0:01:03]} 44. Rf2 {[%emt 0:01:23]} Kd7 {[%emt 0:02:12]} 45. Rfd2 {[%emt 0:01:58]} Ke7 {[%emt 0:00:16]} 46. Rf2 {[%emt 0:00:28]} Bg7 {[%emt 0:00:27]} 47. Rfe2 {[%emt 0:01:04]} Be5 {[%emt 0:01:09]} 48. Rf2 {[%emt 0:00:27]} R3b6 {[%emt 0:00:18]} 49. Rfd2 {[%emt 0:01:03]} Kf6 {[%emt 0:00:29]} 50. Bf5 {[%emt 0:00:30]} Rb3 {[%emt 0:01:20]} 51. Be4 {[%emt 0:00:52]} Rb8 {[%emt 0:00:11]} 52. Rf2 {[%emt 0:00:37]} Bd4 {[%emt 0:00:22]} 53. Rfe2 {[%emt 0:00:22]} R3b5 {[%emt 0:03:01]} 54. Rcd2 {[%emt 0:00:21]} Be5 {[%emt 0:00:48]} 55. Rf2 {[%emt 0:00:15]} Rc8 {[%emt 0:00:35]} 56. Rc2 {[%emt 0:00:47]} Rcb8 {[%emt 0:00:30]} 57. Rcd2 {[%emt 0:00:11]} Rc5 {[%emt 0:00:33]} 58. Rc2 {[%emt 0:00:33]} Bd4 {[%emt 0:01:08]} 59. Rfd2 {[%emt 0:00:56]} Ke5 {[%emt 0:01:59]} 60. Re2 {[%emt 0:01:46]} Kf4 {[%emt 0:01:17]} 61. Rcd2 {[%emt 0:01:03]} Be5 {[%emt 0:02:34]} 62. Rf2 {[%emt 0:00:53]} Rb3 {[%emt 0:01:28]} 63. Rf1 {[%emt 0:00:38]} Ke3 {[%emt 0:01:10]} 64. Rff2 {[%emt 0:00:17]} Rc1 {[%emt 0:00:24]} 65. Rde2+ {[%emt 0:00:23]} Kf4 {[%emt 0:00:36]} 66. Rd2 {[%emt 0:00:17]} Rc5 {[%emt 0:06:23]} 67. Kb1 {[%emt 0:00:31]} Rcb5 {[%emt 0:01:05]} 68. Kc1 {[%emt 0:00:18]} Rc5+ {[%emt 0:01:25]} 69. Kd1 {[%emt 0:00:42]} Rc4 {[%emt 0:00:19]} 70. Rg2 {[%emt 0:00:57]} Rb8 {[%emt 0:00:29]} 71. Rge2 {[%emt 0:00:31]} Rd4 {[%emt 0:01:57]} 72. Rxd4 {[%emt 0:00:32]} Bxd4 {[%emt 0:00:06]} 73. Kc1 {[%emt 0:00:17]} f6 {[%emt 0:00:09]} 74. Rc2 {[%emt 0:00:19]} Ke3 {[%emt 0:00:28]} 75. Rc4 {[%emt 0:00:29]} Bxb2+ {[%emt 0:00:18]} 76. Kc2 {[%emt 0:00:01]} Bd4 {[%emt 0:01:01]} 77. Rxa4 {[%emt 0:00:29]} Rb2+ {[%emt 0:00:23]} 78. Kd1 {[%emt 0:00:26]} Ra2 {[%emt 0:00:40]} 79. Ra6 {[%emt 0:00:31]} Bc5 {[%emt 0:00:42]} 80. a4 Ba3 {[%emt 0:00:55]} 81. Ra8 {[%emt 0:01:09]} Rd2+ {[%emt 0:00:19]} 82. Ke1 {[%emt 0:00:00]} Bb4 {[%emt 0:00:24]} 83. Kf1 {[%emt 0:00:27]} Ra2 {[%emt 0:00:50]} 84. Rh8 {[%emt 0:00:26]} Kf4 {[%emt 0:01:29]} 85. Rxh6 {[%emt 0:01:36]} Kg3 {[%emt 0:00:26]} 86. f4 {[%emt 0:00:22]} Rf2+ {[%emt 0:00:10]} 87. Kg1 {[%emt 0:00:01]} Bc5 {[%emt 0:00:07]} 88. Bd3 {[%emt 0:00:10]} Rf3+ {[%emt 0:00:24]} 89. Kh1 {[%emt 0:00:00]} Rxd3 {[%emt 0:00:06]} 0-1

[Event "7th Iberoamerican-ch 2019"]
[Site "Linares"]
[Date "2019.08.17"]
[Round "8.33"]
[White "Diaz Mino, Pablo"]
[Black "Carrasco Sagredo, Manuel"]
[Result "1-0"]
[WhiteElo "2239"]
[BlackElo "2106"]
[Annotator "TA"]
[PlyCount "159"]
[EventDate "2019.08.10"]
[EventType "swiss"]
[EventCountry "ESP"]
[SourceTitle "playchess.com"]
[Source "ChessBase"]
[SourceQuality "1"]

{[%evp 14,159,45,53,65,50,52,-39,-32,-33,42,-31,54,59,85,87,93,79,79,77,100,79,79,80,159,166,164,156,161,162,160,156,176,172,241,239,299,206,417,399,742,732,981,745,858,845,816,727,719,716,721,719,695,597,595,587,590,579,577,506,506,501,506,482,506,506,506,483,506,506,505,506,567,546,583,502,501,501,495,491,490,468,591,558,595,560,552,541,606,591,939,939,945,906,939,927,885,795,5616,784,12566,12566,11328,6111,11321,6095,5910,5978,8981,5887,6095,5553,3571,3513,3454,1671,3561,2036,1547,1184,1050,1000,912,878,5907,4517,11826,11575,29980,0,2130,2611,1589,1490,9379,9950,7649,8273,6731,5620,4249,2075,12566,29941,6945,6039,5002,1366]} 1. d4 Nf6 2. c4 g6 3. Nc3 Bg7 4. e4 d6 5. f3 O-O 6. Nge2 a6 7. Be3 c6 8. c5 Nfd7 {E81: King's Indian: Sämisch: 6th move deviations (including 6 Be3 c6)} (8... b5 9. cxd6 exd6 10. Nf4 Re8 11. Be2 b4 12. Na4 Nd5 13. Bc1 Nb6 14. Nxb6 Qxb6 15. Be3 d5 16. Qd3 dxe4 17. fxe4 {1-0 (61) Carlsen,M (2881)-Grischuk,A (2792) Dubai 2014}) 9. Rc1 $146 ({Predecessor:} 9. cxd6 exd6 10. Qd2 Nb6 11. Nf4 d5 12. O-O-O dxe4 13. fxe4 Bg4 14. Re1 g5 15. Nh3 h6 16. Nf2 {½-½ (38) Lopez Gonzalez,D (2287)-Sousa,A (2411) El Puerto de Santa Maria 2016}) 9... a5 10. Nf4 ({White should try} 10. cxd6 $14 exd6 11. Nf4) 10... dxc5 $15 {Black is slightly better.} 11. dxc5 e5 (11... a4 $1 $15) 12. Nh3 (12. Nd3 $14) 12... Na6 (12... a4 $15) 13. Na4 $14 Bh6 {[%mdl 64] [#] Decoy} 14. Bxh6 Qh4+ 15. Nf2 Qxh6 16. Qd2 Qh4 17. Bxa6 Rxa6 18. O-O $36 {[%mdl 2048] Black is under strong pressure.} b5 (18... Re8 $142) 19. cxb6 $1 $16 {[%mdl 64] Discovered Attack} Nxb6 20. Nc5 Ra7 21. Qd6 {Hoping for Qb8.} Qe7 22. Qxc6 Na8 23. Rfd1 Qg5 (23... Kg7 $142 24. Rd3 Rh8) 24. Qd6 $18 Rc7 25. Qd2 Qf6 $2 (25... Qxd2 26. Rxd2 f6) 26. Qxa5 h5 $2 (26... Qe7 27. a4 f6) 27. Qxa8 Bh3 28. Qa6 Rc6 29. Qf1 Bc8 30. Nd7 Bxd7 31. Rxd7 Rb6 32. Qe2 Qe6 33. Rd2 Qxa2 34. Qc4 Qa7 35. Qc3 Qb8 36. Qc7 Rxb2 {And now ...Qxc7 would win.} 37. Qxb8 Rbxb8 38. g3 Rb3 39. Kg2 Ra8 40. Rcd1 Kg7 41. Rd3 Rb2 42. R1d2 Rb1 43. Rd5 Raa1 44. Rd1 Rxd1 45. Rxd1 {[%mdl 4096] Endgame KRN-KR} Ra2 46. Rd5 Kf6 47. Kg1 Ke6 48. Nd3 f6 49. Nc5+ Kf7 50. Rd7+ Kg8 51. Ne6 g5 52. Rg7+ Kh8 53. Rf7 g4 54. fxg4 hxg4 55. Rxf6 Ra6 56. Kg2 Rb6 57. h4 Rb2+ 58. Rf2 Rb4 59. Ng5 Kg7 60. Rd2 Rb7 61. Kf2 Ra7 62. Rb2 Ra6 63. Kg2 Kg6 64. Kf1 Ra1+ 65. Kf2 Ra6 66. Re2 Kf6 67. Re3 Ra2+ 68. Ke1 Rg2 69. Ra3 Kg6 70. Ra6+ Kh5 71. Ra3 (71. Ne6 $142 Rxg3 72. Ng7+ Kxh4 73. Nf5+ {[%mdl 64] Double Attack} Kh3 74. Nxg3 Kxg3 75. Rf6 Kg2 76. Rf5) 71... Kg6 $1 72. Kf1 Rb2 73. Ra6+ Kh5 74. Ne6 {[%cal Re6g7]} Rb7 75. Ke2 Re7 76. Nc5 Rf7 77. Ra3 Kg6 78. Nd3 Re7 79. Ra5 Kf6 {[#]} 80. Nxe5 {Played: Ra5xe5} 1-0